[Event "4NCL/Div2/SWD1 vs. WES1"]
[Site "Birmingham ENG"]
[Date "2006.05.01"]
[Round "11.8"]
[White "Khoo, Selina"]
[Black "Wilson, Julie"]
[Result "1-0"]
[WhiteElo "1958"]
[BlackElo "1945"]
[PlyCount "105"]
[EventDate "2006.05.01"]
[EventType "team"]
[EventRounds "11"]
[EventCountry "ENG"]
[SourceDate "2006.05.01"]
[WhiteTeam "Wessex 1"]
[BlackTeam "S W Dragons 1"]

1. e4 e6 2. d4 d5 3. Nd2 c5 4. Ngf3 Nf6 5. exd5 Nxd5 6. c3 Nc6 7. Nb3 cxd4 8.
Nbxd4 Bd7 9. Be2 a6 10. O-O Be7 11. Bc4 O-O 12. Bxd5 exd5 13. Qb3 Nxd4 14. Nxd4
Bc8 15. Rd1 Qd6 16. Be3 Bf6 17. Rd2 Rd8 18. Rad1 Bg4 19. f3 Qe5 20. Bf2 Bc8 21.
Nc2 Be6 22. Bg3 Qf5 23. Qxb7 Bg5 24. Re2 Bf4 25. Nd4 Qf6 26. Bxf4 Qxf4 27. Nxe6
fxe6 28. Rxe6 Rab8 29. Qxa6 Rxb2 30. Qa3 Rdb8 31. Rde1 Qf7 32. Qa4 Rb1 33. Qc6
Qa7+ 34. Kf1 Rxe1+ 35. Rxe1 Qf7 36. Rd1 Rd8 37. c4 d4 38. Qc5 d3 39. Qa5 Qe7
40. Qd2 Qd7 41. Rc1 Qc7 42. g3 Qc6 43. Kg2 Rd4 44. c5 Rd5 45. Rc3 Rxc5 46. Rxc5
Qxc5 47. Qxd3 Qa5 48. Qc4+ Kf8 49. Qc8+ Kf7 50. Qd7+ Kg6 51. Qe6+ Kh5 52. g4+
Kg5 53. h4+ 1-0

[Event "4NCL/Div2/NWE2 vs. WRO"]
[Site "Birmingham ENG"]
[Date "2006.05.01"]
[Round "11.1"]
[White "Littlewood, John E"]
[Black "Hanley, Craig A"]
[Result "0-1"]
[WhiteElo "2258"]
[BlackElo "2418"]
[PlyCount "95"]
[EventDate "2006.05.01"]
[EventType "team"]
[EventRounds "11"]
[EventCountry "ENG"]
[SourceDate "2006.05.01"]
[WhiteTeam "N W Eagles 2"]
[BlackTeam "White Rose"]

1. e4 c5 2. Nf3 e6 3. d3 Nc6 4. g3 g6 5. Bg2 Bg7 6. O-O Nge7 7. Re1 e5 8. a3
O-O 9. b4 d6 10. bxc5 dxc5 11. Nbd2 h6 12. Bb2 Be6 13. Nf1 b5 14. h4 Qd7 15.
N1h2 Rac8 16. h5 g5 17. a4 b4 18. Nd2 Na5 19. Nhf1 Rfd8 20. Ne3 b3 21. Bc3 bxc2
22. Qxc2 Nac6 23. Bf1 Nb4 24. Qb2 Nxd3 25. Bxd3 Qxd3 26. Rad1 f6 27. Ndc4 Qxe4
28. Nd6 Rxd6 29. Rxd6 Bh3 30. Qc2 Qxc2 31. Nxc2 Bg4 32. Ne3 Bxh5 33. g4 Bg6 34.
Red1 Be4 35. Rd8+ Rxd8 36. Rxd8+ Bf8 37. Rd7 Nc6 38. Nd5 Bxd5 39. Rxd5 Kf7 40.
Rd7+ Ke6 41. Rc7 Kd5 42. Rf7 Be7 43. f3 Kc4 44. Be1 Kd3 45. Rh7 c4 46. Rxh6 c3
47. Rh2 Nd4 48. Kf1 0-1

[Event "4NCL/Div2/NWE2 vs. WRO"]
[Site "Birmingham ENG"]
[Date "2006.05.01"]
[Round "11.2"]
[White "Kobese, Watu"]
[Black "Spence, David"]
[Result "1-0"]
[WhiteElo "2390"]
[BlackElo "2215"]
[PlyCount "67"]
[EventDate "2006.05.01"]
[EventType "team"]
[EventRounds "11"]
[EventCountry "ENG"]
[SourceDate "2006.05.01"]
[WhiteTeam "White Rose"]
[BlackTeam "N W Eagles 2"]

1. e4 e6 2. d4 d5 3. Nc3 Bb4 4. e5 Qd7 5. a3 Bf8 6. Nf3 b6 7. b4 c6 8. Rb1 f5
9. h4 Nh6 10. Ng5 Bb7 11. Ne2 Na6 12. Nf4 Nc7 13. Be2 O-O-O 14. a4 Nf7 15. a5
Nxg5 16. hxg5 Be7 17. Nh5 h6 18. axb6 axb6 19. gxh6 g5 20. Nf6 Bxf6 21. exf6
Rdg8 22. Rh5 g4 23. Rg5 Rxg5 24. Bxg5 Qf7 25. Qd2 Qh5 26. Bf1 Qh1 27. b5 Nxb5
28. f7 Nd6 29. Rxb6 g3 30. Qb4 gxf2+ 31. Kxf2 Ne4+ 32. Ke1 Qg1 33. f8=Q+ Rxf8
34. Qxf8+ 1-0

[Event "4NCL/Div2/NWE2 vs. WRO"]
[Site "Birmingham ENG"]
[Date "2006.05.01"]
[Round "11.3"]
[White "Hulmes, David I"]
[Black "Kaid, Almar"]
[Result "1/2-1/2"]
[WhiteElo "2206"]
[BlackElo "2275"]
[PlyCount "38"]
[EventDate "2006.05.01"]
[EventType "team"]
[EventRounds "11"]
[EventCountry "ENG"]
[SourceDate "2006.05.01"]
[WhiteTeam "N W Eagles 2"]
[BlackTeam "White Rose"]

1. e4 e6 2. d4 d5 3. Nd2 c5 4. exd5 exd5 5. Bb5+ Bd7 6. Qe2+ Be7 7. dxc5 Nf6 8.
Nb3 O-O 9. Be3 Re8 10. O-O-O a6 11. Bd3 Ba4 12. Qd2 Bxb3 13. axb3 Nbd7 14. Nf3
Nxc5 15. Rhe1 Rc8 16. Kb1 Nce4 17. Bxe4 dxe4 18. Qxd8 Rcxd8 19. Nd2 h6 1/2-1/2

[Event "4NCL/Div2/NWE2 vs. WRO"]
[Site "Birmingham ENG"]
[Date "2006.05.01"]
[Round "11.4"]
[White "Yepes, Eduardo"]
[Black "Savory, Richard J"]
[Result "1/2-1/2"]
[WhiteElo "2297"]
[BlackElo "2106"]
[PlyCount "39"]
[EventDate "2006.05.01"]
[EventType "team"]
[EventRounds "11"]
[EventCountry "ENG"]
[SourceDate "2006.05.01"]
[WhiteTeam "White Rose"]
[BlackTeam "N W Eagles 2"]

1. d4 d5 2. c4 e6 3. Nc3 Nf6 4. Nf3 Be7 5. Bf4 c6 6. e3 O-O 7. h3 Nbd7 8. Rc1
dxc4 9. Bxc4 b5 10. Bd3 Bb7 11. O-O Rc8 12. a3 a5 13. Qe2 b4 14. axb4 axb4 15.
Nb1 c5 16. Nbd2 cxd4 17. exd4 Nd5 18. Bg3 N7f6 19. Nc4 Nb6 20. Nce5 1/2-1/2

[Event "4NCL/Div2/NWE2 vs. WRO"]
[Site "Birmingham ENG"]
[Date "2006.05.01"]
[Round "11.5"]
[White "Connor, Stephen J"]
[Black "Adams, David M"]
[Result "0-1"]
[WhiteElo "2135"]
[BlackElo "2240"]
[PlyCount "40"]
[EventDate "2006.05.01"]
[EventType "team"]
[EventRounds "11"]
[EventCountry "ENG"]
[SourceDate "2006.05.01"]
[WhiteTeam "N W Eagles 2"]
[BlackTeam "White Rose"]

1. e4 Nf6 2. e5 Nd5 3. c4 Nb6 4. d4 d6 5. exd6 cxd6 6. Nc3 g6 7. a4 a5 8. c5
dxc5 9. Bb5+ N6d7 10. Bf4 Bg7 11. Nd5 Na6 12. Nf3 O-O 13. Qe2 e6 14. Bg5 f6 15.
Qxe6+ Kh8 16. O-O fxg5 17. Qe3 g4 18. Ng5 cxd4 19. Qe7 Qxe7 20. Nxe7 Ne5 0-1

[Event "4NCL/Div2/NWE2 vs. WRO"]
[Site "Birmingham ENG"]
[Date "2006.05.01"]
[Round "11.6"]
[White "Gayson, Peter M"]
[Black "Peacock, Malcolm R"]
[Result "0-1"]
[WhiteElo "2233"]
[BlackElo "2060"]
[PlyCount "126"]
[EventDate "2006.05.01"]
[EventType "team"]
[EventRounds "11"]
[EventCountry "ENG"]
[SourceDate "2006.05.01"]
[WhiteTeam "White Rose"]
[BlackTeam "N W Eagles 2"]

1. e4 e6 2. d4 d5 3. Nd2 Nf6 4. e5 Nfd7 5. Bd3 c5 6. c3 b6 7. f4 Ba6 8. Qe2 Qc8
9. Ngf3 Bxd3 10. Qxd3 Qa6 11. c4 Nc6 12. f5 Be7 13. fxe6 fxe6 14. O-O O-O 15.
Qb3 dxc4 16. Nxc4 Nxd4 17. Qd3 b5 18. Ncd2 c4 19. Qe4 Nf5 20. Qe2 Qb6+ 21. Kh1
Qe3 22. Re1 Qxe2 23. Rxe2 Rad8 24. a4 b4 25. Nxc4 Nd4 26. Bg5 Bxg5 27. Nxd4 Nc5
28. Nd6 Be7 29. Nc6 Rd7 30. Nxe7+ Rxe7 31. h3 Rd7 32. a5 Nd3 33. Nc4 Rd4 34.
Nd2 Nxb2 35. Nb3 Rd1+ 36. Rxd1 Nxd1 37. Rd2 Nc3 38. Nc5 Rf1+ 39. Kh2 Re1 40.
Rd8+ Kf7 41. Rd7+ Kg6 42. Nxe6 Rxe5 43. Nf4+ Kf5 44. Nd3 Rd5 45. Rf7+ Ke6 46.
Rf3 Rxa5 47. Nxb4 Nd5 48. Nc6 Ra6 49. Nd4+ Ke5 50. Nb5 Ra5 51. Rb3 a6 52. Na7
Kd6 53. Rb7 Rc5 54. Rb8 Kd7 55. Rg8 Rc7 56. Rxg7+ Ne7 57. Rxh7 Rxa7 58. g4 a5
59. g5 a4 60. g6 a3 61. Rf7 a2 62. g7 a1=Q 63. g8=Q Ra2+ 0-1

[Event "4NCL/Div2/NWE2 vs. WRO"]
[Site "Birmingham ENG"]
[Date "2006.05.01"]
[Round "11.7"]
[White "Morrison, Lynne"]
[Black "Llaneza Vega, Patricia"]
[Result "0-1"]
[WhiteElo "2003"]
[BlackElo "2273"]
[PlyCount "54"]
[EventDate "2006.05.01"]
[EventType "team"]
[EventRounds "11"]
[EventCountry "ENG"]
[SourceDate "2006.05.01"]
[WhiteTeam "N W Eagles 2"]
[BlackTeam "White Rose"]

1. d4 Nf6 2. Nf3 g6 3. Bg5 Bg7 4. c3 O-O 5. Nbd2 d6 6. e4 c5 7. Bc4 a6 8. a4
Nc6 9. d5 Ne5 10. Nxe5 dxe5 11. O-O Ne8 12. h4 h5 13. f3 Nd6 14. Be2 Qc7 15. c4
f5 16. Qe1 Bf6 17. Qg3 f4 18. Bxf4 exf4 19. Qxg6+ Bg7 20. e5 Nf5 21. Ne4 Nd4
22. e6 Nxe2+ 23. Kh2 Qe5 24. Rae1 Ng3 25. Nc3 Nxf1+ 26. Rxf1 b5 27. Ne4 Qf5 0-1

[Event "4NCL/Div2/NWE2 vs. WRO"]
[Site "Birmingham ENG"]
[Date "2006.05.01"]
[Round "11.8"]
[White "Barrett, Steve J"]
[Black "Milligan, Helen"]
[Result "1/2-1/2"]
[WhiteElo "2189"]
[BlackElo "2053"]
[PlyCount "53"]
[EventDate "2006.05.01"]
[EventType "team"]
[EventRounds "11"]
[EventCountry "ENG"]
[SourceDate "2006.05.01"]
[WhiteTeam "White Rose"]
[BlackTeam "N W Eagles 2"]

1. d4 Nf6 2. c4 e6 3. Nc3 Bb4 4. e3 b6 5. Bd3 Bb7 6. Nf3 Ne4 7. Qc2 f5 8. O-O
Bxc3 9. bxc3 d6 10. Nd2 Nxd2 11. Bxd2 Qf6 12. e4 O-O 13. f4 Nd7 14. Rae1 g6 15.
Re2 Rfe8 16. Rfe1 Qf8 17. e5 c5 18. Qa4 Qe7 19. exd6 Qxd6 20. d5 Nf8 21. g4 Re7
22. Qc2 Rae8 23. gxf5 exf5 24. Be3 Nd7 25. Bf2 Nf6 26. Bh4 Kf7 27. Qd2 1/2-1/2

[Event "4NCL/Div2/WWKS1 vs. OXF1"]
[Site "Birmingham ENG"]
[Date "2006.05.01"]
[Round "11.1"]
[White "Mason, Don"]
[Black "Ozeren, Kemal"]
[Result "0-1"]
[WhiteElo "2277"]
[BlackElo "2286"]
[PlyCount "82"]
[EventDate "2006.05.01"]
[EventType "team"]
[EventRounds "11"]
[EventCountry "ENG"]
[SourceDate "2006.05.01"]
[WhiteTeam "Warks Select 1"]
[BlackTeam "Oxford 1"]

1. e4 c6 2. d4 d5 3. exd5 cxd5 4. c4 Nf6 5. Nc3 e6 6. Nf3 Bb4 7. Bd3 dxc4 8.
Bxc4 O-O 9. O-O Bxc3 10. bxc3 Qc7 11. Qe2 Nbd7 12. Bd2 b6 13. Bb3 Bb7 14. Ne5
Nxe5 15. dxe5 Ne4 16. Bf4 Nxc3 17. Qg4 h5 18. Qh4 Ne2+ 19. Kh1 Nxf4 20. Qxf4
Qe7 21. Rfe1 Rfd8 22. Re3 Qc5 23. Rg3 Qd4 24. Qxd4 Rxd4 25. Rc1 Rad8 26. h3 Bd5
27. Bxd5 R8xd5 28. Ra3 Rxe5 29. Rxa7 Rf5 30. f3 Rd2 31. Rb1 Rg5 32. g4 hxg4 33.
hxg4 Ra5 34. Rb7 Raxa2 35. R7xb6 Rf2 36. R6b3 Kh7 37. Kg1 Kg6 38. Ra3 Rg2+ 39.
Kf1 Raf2+ 40. Ke1 Rh2 41. Rc1 Rb2 0-1

[Event "4NCL/Div2/WWKS1 vs. OXF1"]
[Site "Birmingham ENG"]
[Date "2006.05.01"]
[Round "11.2"]
[White "Savage, Ben D"]
[Black "Wu, Li"]
[Result "1/2-1/2"]
[WhiteElo "2310"]
[BlackElo "2304"]
[PlyCount "151"]
[EventDate "2006.05.01"]
[EventType "team"]
[EventRounds "11"]
[EventCountry "ENG"]
[SourceDate "2006.05.01"]
[WhiteTeam "Oxford 1"]
[BlackTeam "Warks Select 1"]

1. e4 c5 2. c3 e6 3. d4 d5 4. e5 Qb6 5. Nf3 Nc6 6. a3 Nh6 7. b4 cxd4 8. cxd4
Nf5 9. Bb2 Be7 10. Bd3 a5 11. Qa4 O-O 12. b5 f6 13. Bxf5 exf5 14. Nc3 Be6 15.
O-O Na7 16. Qb3 Rad8 17. Rfe1 fxe5 18. Nxe5 Bf6 19. Rad1 Rfe8 20. Qc2 Nc8 21.
a4 Nd6 22. Ba3 Ne4 23. Nxe4 dxe4 24. Bc5 Rc8 25. Nc4 Rxc5 26. dxc5 Qxc5 27. Rc1
Rc8 28. Ne3 Qxc2 29. Rxc2 Rxc2 30. Nxc2 Bb3 31. Ne3 g6 32. Rb1 Bxa4 33. Nc4 Bc3
34. Nb6 Bc2 35. Rc1 Bd4 36. Rxc2 Bxb6 37. Rc8+ Kf7 38. Rb8 Bd4 39. Rxb7+ Ke6
40. Rc7 Kd6 41. Rc6+ Kd5 42. Kf1 Bc5 43. Rc8 a4 44. b6 Bxb6 45. Ra8 Ke5 46.
Rxa4 Bd4 47. Rc4 Kd5 48. Rc7 h5 49. Re7 Kd6 50. Re8 Bf6 51. Rg8 g5 52. Ra8 Ke6
53. Ra6+ Kf7 54. Ke2 g4 55. Ke3 Bg5+ 56. Kd4 Bf6+ 57. Kd5 h4 58. g3 hxg3 59.
hxg3 Bc3 60. Ra2 Kf6 61. Rc2 Be1 62. Kd4 Kg5 63. Rb2 Kf6 64. Ke3 Bc3 65. Rb8
Be5 66. Rb5 Bc3 67. Rc5 Be5 68. Rd5 Ke6 69. Rb5 Kf6 70. Rc5 Bb8 71. Rc6+ Kg5
72. Ra6 Be5 73. Kd2 Bd4 74. Ke2 Bc3 75. Rc6 Bd4 76. Rd6 1/2-1/2

[Event "4NCL/Div2/WWKS1 vs. OXF1"]
[Site "Birmingham ENG"]
[Date "2006.05.01"]
[Round "11.3"]
[White "Pitcher, John"]
[Black "Dickinson, Timothy R"]
[Result "1/2-1/2"]
[WhiteElo "2183"]
[BlackElo "2176"]
[PlyCount "75"]
[EventDate "2006.05.01"]
[EventType "team"]
[EventRounds "11"]
[EventCountry "ENG"]
[SourceDate "2006.05.01"]
[WhiteTeam "Warks Select 1"]
[BlackTeam "Oxford 1"]

1. e4 c6 2. d4 d5 3. e5 Bf5 4. Nf3 e6 5. Be2 c5 6. O-O Ne7 7. c4 dxc4 8. Na3
Nec6 9. Bg5 f6 10. exf6 gxf6 11. Be3 cxd4 12. Nxd4 Nxd4 13. Bxd4 Bxa3 14. bxa3
e5 15. Bb2 Qxd1 16. Raxd1 Be6 17. f4 Nc6 18. fxe5 fxe5 19. a4 a5 20. Rc1 Rd8
21. Bxc4 Bxc4 22. Rxc4 Ke7 23. Rc5 Ke6 24. Rb5 Rd2 25. Re1 Rg8 26. g3 Rg4 27.
Bxe5 Nxe5 28. Rbxe5+ Kd6 29. Rxa5 Rc4 30. Rh5 Rcc2 31. Rxh7 Rxa2 32. a5 Rxa5
33. Rxb7 Rh5 34. h4 Rc5 35. Rb8 Kc7 36. Rf8 Rcc2 37. Rf7+ Kc6 38. Rf3 1/2-1/2

[Event "4NCL/Div2/WWKS1 vs. OXF1"]
[Site "Birmingham ENG"]
[Date "2006.05.01"]
[Round "11.4"]
[White "Milovanovic, Aleksander"]
[Black "James, Russell A"]
[Result "1-0"]
[WhiteElo "2220"]
[BlackElo "2230"]
[PlyCount "95"]
[EventDate "2006.05.01"]
[EventType "team"]
[EventRounds "11"]
[EventCountry "ENG"]
[SourceDate "2006.05.01"]
[WhiteTeam "Oxford 1"]
[BlackTeam "Warks Select 1"]

1. d4 d5 2. Nf3 Nf6 3. c4 e6 4. Nc3 Be7 5. Bg5 h6 6. Bxf6 Bxf6 7. Qb3 c5 8.
dxc5 dxc4 9. Qxc4 O-O 10. e4 Nd7 11. Rc1 a5 12. Be2 Qe7 13. Nb5 Ra6 14. Nbd4
Ne5 15. Nxe5 Bxe5 16. O-O Rd8 17. Nf3 Bc7 18. Qc3 Ra8 19. Bb5 e5 20. Bc4 Bg4
21. Bd5 Rab8 22. h3 Bh5 23. Nd2 b5 24. Rfe1 Rdc8 25. Nf1 a4 26. b4 axb3 27.
axb3 b4 28. Qc4 Bb6 29. c6 Ra8 30. Rc2 Ra5 31. Ne3 Bg6 32. Qe2 Bxe3 33. fxe3
Qh4 34. Rc4 Ra2 35. Qxa2 Qxe1+ 36. Kh2 Qxe3 37. Qa1 Qf4+ 38. Kh1 Rc7 39. Rxb4
Bf5 40. Rb8+ Rc8 41. Rxc8+ Bxc8 42. Qc3 Qf1+ 43. Kh2 Qf4+ 44. Qg3 Qf6 45. b4
Ba6 46. Qg4 h5 47. Qf5 Qd6 48. Qxf7+ 1-0

[Event "4NCL/Div2/WWKS1 vs. OXF1"]
[Site "Birmingham ENG"]
[Date "2006.05.01"]
[Round "11.5"]
[White "Hunt, Malcolm A"]
[Black "Smallbone, Kieran"]
[Result "0-1"]
[WhiteElo "2108"]
[BlackElo "2194"]
[PlyCount "48"]
[EventDate "2006.05.01"]
[EventType "team"]
[EventRounds "11"]
[EventCountry "ENG"]
[SourceDate "2006.05.01"]
[WhiteTeam "Warks Select 1"]
[BlackTeam "Oxford 1"]

1. d4 d5 2. Bf4 Nf6 3. e3 c5 4. c3 Qb6 5. Qb3 Nc6 6. Nd2 c4 7. Qc2 Nh5 8. Ngf3
Nxf4 9. exf4 g6 10. Be2 Bf5 11. Qc1 Bh6 12. g3 O-O 13. O-O f6 14. Kg2 Rae8 15.
Nh4 Bc8 16. Qc2 e5 17. Nxg6 hxg6 18. Qxg6+ Bg7 19. fxe5 fxe5 20. Nxc4 Qc7 21.
Nxe5 Bf5 22. Qh5 Nxe5 23. dxe5 Rxe5 24. Kg1 Bc8 0-1

[Event "4NCL/Div2/WWKS1 vs. OXF1"]
[Site "Birmingham ENG"]
[Date "2006.05.01"]
[Round "11.6"]
[White "Shaw, David A"]
[Black "Baruch, Andrew J D"]
[Result "1-0"]
[WhiteElo "2200"]
[BlackElo "2180"]
[PlyCount "61"]
[EventDate "2006.05.01"]
[EventType "team"]
[EventRounds "11"]
[EventCountry "ENG"]
[SourceDate "2006.05.01"]
[WhiteTeam "Oxford 1"]
[BlackTeam "Warks Select 1"]

1. e4 g6 2. d4 Bg7 3. Nc3 d6 4. Be3 a6 5. Qd2 b5 6. a3 Nd7 7. f4 Bb7 8. Be2 c5
9. Bf3 cxd4 10. Bxd4 e5 11. Be3 Nb6 12. Be2 Nf6 13. fxe5 Nxe4 14. Nxe4 Bxe4 15.
exd6 Bxb2 16. Rd1 O-O 17. Nf3 Rc8 18. c4 Na4 19. O-O bxc4 20. Ng5 Bc3 21. Qa2
Bd3 22. Bxd3 Nb2 23. Rc1 Qa5 24. d7 Rc6 25. Be4 Rd6 26. Rc2 Rxd7 27. Rxb2 Bxb2
28. Qxb2 h6 29. Nf3 Re7 30. Bxh6 Rxe4 31. Qg7# 1-0

[Event "4NCL/Div2/WWKS1 vs. OXF1"]
[Site "Birmingham ENG"]
[Date "2006.05.01"]
[Round "11.7"]
[White "Thomas, Nicholas"]
[Black "Webster, Ian"]
[Result "1-0"]
[WhiteElo "2252"]
[BlackElo "2119"]
[PlyCount "75"]
[EventDate "2006.05.01"]
[EventType "team"]
[EventRounds "11"]
[EventCountry "ENG"]
[SourceDate "2006.05.01"]
[WhiteTeam "Warks Select 1"]
[BlackTeam "Oxford 1"]

1. c4 c5 2. Nc3 Nf6 3. e4 Nc6 4. g3 e6 5. Bg2 Be7 6. f4 d6 7. Nf3 a6 8. O-O Qc7
9. d3 O-O 10. h3 Rd8 11. g4 Ra7 12. g5 Nd7 13. Be3 b6 14. Qe1 Bf8 15. Nh2 Bb7
16. Qg3 Nd4 17. Rf2 f5 18. gxf6 Nxf6 19. Bxd4 cxd4 20. Ne2 Qc5 21. a3 b5 22. e5
Ne8 23. Rc1 Qb6 24. Ng4 Bxg2 25. Kxg2 Kh8 26. f5 dxe5 27. fxe6 Nf6 28. Qxe5 Bd6
29. Qf5 bxc4 30. Rxc4 Qxb2 31. Nxd4 Qb7+ 32. Qf3 Rf8 33. Nxf6 Qxf3+ 34. Rxf3
gxf6 35. Nf5 Bxa3 36. Rg3 Rb8 37. Nh6 Bb2 38. Rcg4 1-0

[Event "4NCL/Div2/WWKS1 vs. OXF1"]
[Site "Birmingham ENG"]
[Date "2006.05.01"]
[Round "11.8"]
[White "Messam-Sparkes, Lateefah"]
[Black "Chevannes, Sabrina"]
[Result "0-1"]
[WhiteElo "1785"]
[BlackElo "2080"]
[PlyCount "64"]
[EventDate "2006.05.01"]
[EventType "team"]
[EventRounds "11"]
[EventCountry "ENG"]
[SourceDate "2006.05.01"]
[WhiteTeam "Oxford 1"]
[BlackTeam "Warks Select 1"]

1. e4 c6 2. d4 d5 3. Nd2 g6 4. e5 Bg7 5. Bd3 c5 6. c3 Nc6 7. Ne2 Nh6 8. f4 Bf5
9. Nf3 c4 10. Bxf5 Nxf5 11. Bd2 e6 12. g3 Bf8 13. Qa4 a6 14. Qc2 Be7 15. Rb1 h5
16. h4 O-O 17. Kf2 b5 18. b4 cxb3 19. axb3 b4 20. Qd1 bxc3 21. Bxc3 Qb6 22. Qd2
Rfc8 23. Kg2 Nb4 24. Kh3 Qb5 25. Rhd1 Rc7 26. Ra1 Rac8 27. Ra4 Rb7 28. Rda1 Qd3
29. Bxb4 Qxf3 30. Bxe7 Rxe7 31. Kh2 Ne3 32. Ng1 Ng4+ 0-1

[Event "4NCL/Div3/BRI2 vs. WES2"]
[Site "Birmingham ENG"]
[Date "2005.10.22"]
[Round "1.1"]
[White "Sasot Samplon, Eloy"]
[Black "Gregory, Keith D"]
[Result "1-0"]
[WhiteElo "2122"]
[BlackElo "2099"]
[Annotator "Parker,Robert"]
[PlyCount "141"]
[EventDate "2005.10.22"]
[EventType "team"]
[EventRounds "11"]
[EventCountry "ENG"]
[SourceDate "2005.10.25"]

1. d4 d6 2. c4 e5 3. Nf3 Nc6 4. d5 Nce7 5. g3 Nf6 6. Nc3 Ng6 7. Bg2 Be7 8. Qc2
O-O 9. h4 Re8 10. Ng5 Nf8 11. Bd2 h6 12. Nge4 N6h7 13. f3 c5 14. Nf2 a6 15. Bh3
Bxh3 {=} 16. Nxh3 Qd7 17. a4 f5 18. Nf2 Bd8 19. e4 fxe4 20. Ncxe4 Nf6 21. g4
N6h7 22. Ng3 e4 23. Nfxe4 Ng6 24. Nf5 Nf6 25. O-O-O Nxe4 26. fxe4 b5 27. g5 h5
28. Bc3 Ne5 29. Bxe5 Rxe5 30. g6 bxc4 31. Qxc4 Bf6 32. b3 Qe8 33. Rde1 Qxg6 34.
Rhg1 Qh7 35. Nxd6 Bxh4 36. Re2 Bf6 37. Nf5 Kh8 38. Rh2 g6 39. Nh4 Rae8 40. Ng2
h4 41. Rgh1 Rh5 42. Qd3 g5 43. Kb1 Bd4 44. d6 Rxe4 45. d7 Bf6 46. Rf1 Rd4 47.
Qxh7+ Rxh7 48. Rxf6 Rhxd7 49. Nf4 gxf4 50. Rxh4+ Rh7 51. Rhxf4 Rh1+ 52. Rf1
Rxf1+ 53. Rxf1 Rb4 54. Kc2 c4 55. Kc3 Rxb3+ 56. Kxc4 Rb6 57. Kc5 Rg6 58. Rb1
Kg7 59. Rb6 Rg5+ 60. Kc6 Ra5 61. Rb4 Kf7 62. Kb6 Rd5 63. Kxa6 Ke7 64. Rc4 Kd7
65. Kb6 Rd6+ 66. Kb7 Rd5 67. Rb4 Kd8 68. Rb5 Rd7+ 69. Kb8 Rd6 70. a5 Kd7 71.
Kb7 {The moves between 38. ... g6 and the position reached after 44. .. Rxe4
are pure speculation! [Neither player could reconstruct the time scramble
moves] The configuration of pieces at this point though is correct [move 44].
The difficulty was finding a sensible set of 6 moves to get a black rook to h5.
} 1-0

[Event "4NCL/Div3/BRI2 vs. WES2"]
[Site "Birmingham ENG"]
[Date "2005.10.22"]
[Round "1.2"]
[White "Tunks, Dominic"]
[Black "Cooper, Andrew"]
[Result "1/2-1/2"]
[WhiteElo "2155"]
[BlackElo "2095"]
[Annotator "Parker,Robert"]
[PlyCount "50"]
[EventDate "2005.10.22"]
[EventType "team"]
[EventRounds "11"]
[EventCountry "ENG"]
[SourceDate "2005.10.25"]

1. e4 c5 2. Nf3 d6 3. c3 Nf6 4. Bd3 Nc6 5. Bc2 g6 6. O-O Bg7 7. Re1 O-O 8. h3
Nd7 9. Na3 e5 10. Nc4 Nb6 11. Ne3 Be6 12. d3 h6 {=} 13. a4 a5 14. Bb3 Qd7 15.
Bxe6 Qxe6 16. Ng4 Kh7 17. Qd2 g5 18. Qe2 Qg6 19. h4 f6 20. g3 Ne7 21. Kg2 d5
22. hxg5 hxg5 23. d4 dxe4 24. Qxe4 Qxe4 25. Rxe4 cxd4 1/2-1/2

[Event "4NCL/Div3/BRI2 vs. WES2"]
[Site "Birmingham ENG"]
[Date "2005.10.22"]
[Round "1.3"]
[White "Fish, Jonathan M"]
[Black "Rutter, Nicholas"]
[Result "0-1"]
[WhiteElo "2038"]
[BlackElo "2133"]
[Annotator "Parker,Robert"]
[PlyCount "116"]
[EventDate "2005.10.22"]
[EventType "team"]
[EventRounds "11"]
[EventCountry "ENG"]
[SourceDate "2005.10.25"]

1. Nf3 d5 2. d4 Nf6 3. c4 e6 4. Nc3 c6 5. Qc2 dxc4 6. Bg5 b5 7. Bxf6 gxf6 8. e4
Bb7 9. O-O-O Nd7 10. e5 fxe5 11. dxe5 Qc7 12. Qd2 O-O-O 13. Ne4 Kb8 14. Qf4 f5
15. Neg5 Bh6 16. Qh4 Bxg5+ 17. Qxg5 c5 18. Qe7 Bd5 19. Ng5 Rde8 20. Qd6 Nxe5
21. Qxc7+ Kxc7 22. Be2 Reg8 23. f4 h6 24. Nxe6+ Bxe6 25. fxe5 Rxg2 26. Bf3 Rf2
27. Rd6 Rxf3 28. Rxe6 Rg8 29. Rxh6 Re3 30. Rd1 Rxe5 31. Rh7+ {=} Kb6 32. Rd6+
Ka5 33. Rxa7+ Kb4 34. Rd2 c3 35. bxc3+ Kxc3 36. Ra3+ Kc4 37. Rf3 Rg4 38. Rdf2
b4 39. Rxf5 Rxf5 40. Rxf5 Rg1+ 41. Kb2 Rg2+ 42. Kb1 Rxh2 43. Rf4+ Kd3 44. Rf3+
Ke4 45. Rb3 Kd4 46. Rg3 Rd2 47. a3 bxa3 48. Rxa3 Rd3 49. Ra4+ c4 50. Kc2 Rh3
51. Ra8 Rh2+ 52. Kc1 Kd3 53. Rd8+ Kc3 54. Rd1 Kb3 55. Rg1 c3 56. Kb1 Rb2+ 57.
Ka1 Ra2+ 58. Kb1 c2+ 0-1

[Event "4NCL/Div3/BRI2 vs. WES2"]
[Site "Birmingham ENG"]
[Date "2005.10.22"]
[Round "1.4"]
[White "Pym, Thomas W"]
[Black "Crockart, Scott"]
[Result "1/2-1/2"]
[WhiteElo "2100"]
[BlackElo "2070"]
[PlyCount "35"]
[EventDate "2005.10.22"]
[EventType "team"]
[EventRounds "11"]
[EventCountry "ENG"]
[SourceDate "2005.10.25"]

1. e4 e6 2. d4 d5 3. Nd2 Nf6 4. e5 Nfd7 5. c3 c5 6. Bd3 Nc6 7. Ngf3 cxd4 8.
cxd4 f6 9. Ng5 fxg5 10. Qh5+ g6 11. Bxg6+ hxg6 12. Qxg6+ Ke7 13. Ne4 Ndxe5 14.
dxe5 Kd7 15. Bxg5 Nxe5 16. Nf6+ Kc7 17. Ne8+ Kd7 18. Nf6+ 1/2-1/2

[Event "4NCL/Div3/BRI2 vs. WES2"]
[Site "Birmingham ENG"]
[Date "2005.10.22"]
[Round "1.5"]
[White "Easton, Alex"]
[Black "Ferrington, Nigel M"]
[Result "0-1"]
[WhiteElo "2100"]
[BlackElo "2115"]
[PlyCount "54"]
[EventDate "2005.10.22"]
[EventType "team"]
[EventRounds "11"]
[EventCountry "ENG"]
[SourceDate "2005.10.25"]

1. Nf3 Nf6 2. c4 g6 3. Nc3 Bg7 4. d4 O-O 5. e4 d6 6. Be2 c6 7. O-O a6 8. Qc2 b5
9. a3 Nbd7 10. Rd1 Qc7 11. Be3 bxc4 12. Bxc4 Bb7 13. Rac1 Rac8 14. b4 Qb8 15.
Qb3 e6 16. Be2 c5 17. bxc5 dxc5 18. d5 exd5 19. Nxd5 Nxd5 20. exd5 Qc7 21. Qc4
Rfe8 22. Bf4 Qa5 23. Ng5 Nb6 24. Qa2 c4 25. Bf3 Bxd5 26. h4 h6 27. Ne4 Bxe4 0-1

[Event "4NCL/Div3/BRI2 vs. WES2"]
[Site "Birmingham ENG"]
[Date "2005.10.22"]
[Round "1.6"]
[White "Clark, Ian C"]
[Black "Humphreys, Jerry"]
[Result "1/2-1/2"]
[WhiteElo "2133"]
[BlackElo "2084"]
[PlyCount "58"]
[EventDate "2005.10.22"]
[EventType "team"]
[EventRounds "11"]
[EventCountry "ENG"]
[SourceDate "2005.10.25"]

1. e4 c5 2. Nf3 e6 3. d4 cxd4 4. Nxd4 Nf6 5. Nc3 d6 6. Be2 Be7 7. O-O a6 8. a4
Nc6 9. Be3 O-O 10. Qd2 Qc7 11. f4 Na5 12. Qd3 d5 13. exd5 exd5 14. Bf3 Rd8 15.
b3 Bg4 16. Rad1 Bxf3 17. Rxf3 Rac8 18. Nce2 Nc6 19. Nxc6 Qxc6 20. Nd4 Qc7 21.
Kh1 Ne4 22. Nf5 Bc5 23. Bd4 Bxd4 24. Nxd4 Qd6 25. Nf5 Qf6 26. Ng3 Qb6 27. Rdf1
Rc3 28. Qe2 Nxg3+ 29. Rxg3 Rxg3 1/2-1/2